| 000 | 00522cam a2200193ua 4500 | ||
|---|---|---|---|
| 001 | 10856 | ||
| 008 | 190409n ii |||gr||||Z||||||asm | ||
| 020 | _a9788186385074 | ||
| 040 | _cMAIN | ||
| 041 | _aasm | ||
| 082 | _a891.4518 | ||
| 100 |
_aLalit Kumar Barua, _eAuthor. |
||
| 245 |
_aBezbaruahr oitijya aru unoish shatikar bharatiya renessiance _cBy Lalit Kumar Barua |
||
| 250 | _a1st ed. | ||
| 260 |
_aGuwahati: _bAssam publishing company, _c2015. |
||
| 300 | _a163p. | ||
| 653 | _aAssamese literature | ||
| 942 | _cBK | ||
| 999 |
_c9814 _d9814 |
||